A mother's love
| Other Authors: | , |
|---|---|
| Format: | Book |
| Published: |
England :
Lion Hudson Plc ,
2009
|
| Subjects: |
MARC
| LEADER | 00000cam a2200000 7i4500 | ||
|---|---|---|---|
| 001 | 0000140496 | ||
| 005 | 20101221.0 | ||
| 020 | |a 9780745953175 | ||
| 020 | |a 9780825478451 | ||
| 090 | 0 | 0 | |a 813.010835252 |b MOT |
| 245 | 0 | 0 | |a A mother's love |c edited by Tanith Carey ; illustrated by Sam Wilson |
| 260 | |a England : |b Lion Hudson Plc , |c 2009 | ||
| 300 | |a 93p. ; |c 18cm. | ||
| 650 | 0 | 0 | |a Motherhood |x Miscellanea |
| 700 | 1 | |a Carey, Tanith | |
| 700 | 1 | |a Wilson, Sam | |
| 999 | |a 00238235 |b BUKU |c PINJAMAN |e PERPUSTAKAAN KOMUNITI PETALING JAYA | ||